| 000 | 00647cam a2200217 a 4500 | ||
|---|---|---|---|
| 020 | _a0070549923 | ||
| 040 | _cDLC | ||
| 082 | 0 | 0 | _a339 MCG 1995 A070 Or. |
| 100 | 1 | _aSamuelson, Paul A. | |
| 245 | 1 | 0 | _aMacroeconomics / |
| 250 | _a15th ed. | ||
| 260 |
_aNew York : _bMcGraw-Hill, _cc1995. |
||
| 300 |
_axxx, 455 p. : _bill. (some col.) ; _c26 cm. |
||
| 500 | _aCover title: Macro-economics. | ||
| 500 | _a"Portions of this text have been taken from Economics, fifteenth edition"--T.p. verso. | ||
| 650 | 0 | 0 | _aMacroeconomics. |
| 700 | 1 | _aNordhaus, William D. | |
| 700 | 1 | _aMandel, Michael J. | |
| 700 | 1 | _aSamuelson, Paul A. | |
| 942 | _cEK | ||
| 999 |
_c14770 _d14770 |
||